000 01010cab a2200253 4500
001 E2712
008 090401t1995 xxu||||| |||| 00| 0 eng d
035 _a(Sirsi) u40602
041 _aeng
245 _aCayzer and Hamilton (No.2)
260 _c1995
350 _a0
490 _aSLC
_v1996 R 13-37(26)
520 _aFull Court. Lord Philip, D D McDiarmid, J Kinloch) Application Tayside RN 66 - Order of 1 November 1995) Agricultural holding - notice to remedy - notice to quit - joint application by landlord and tenant - landlord accepting rent after the expiry of period given in notice to remedy - question whether landlord had barred himself from founding upon notice to remedy.
650 _aAGRICULTURAL HOLDINGS (SCOTLAND) ACT 1991
650 _aAGRICULTURAL HOLDINGS
650 _aNOTICE TO QUIT
650 _aNOTICE TO REMEDY
650 _aSCOTTISH LAND COURT
650 _aSLC
690 _aLANDLORD AND TENANT-CASE LAW-AGRICULTURAL TENANCIES
942 _n0
948 _c04/03/1997
999 _c26014
_d26014